000 01129nam0a22003011 4500
001 rc\3020149
005 20250810060603.0
035 _a(NLR Aleph) 007162280
090 _a7261349
_c7261349
100 _a20110927d1941 u y0rusy50 ca
101 1 _arus
_cger
102 _aRU
105 _aa z |||||
200 1 _aМагний и его сплавы
_eСб. статей
_fПод ред. д-ра инж. А. Бэка
_gПер. с нем. и ред. проф. д-ра В.О. Кренига
210 _aМосква
_cОборонгиз
_d1941
_eКиев
215 _a396 с.
_cил., черт.
_d26 см
300 _aНа доб. тит. л.: Magnesium und seine Legierungen
320 _aИмен. и предмет. указатели: с. 377-389
320 _aБиблиогр.: с. 118 и в подстроч. примеч.
702 1 _aБэк
_bА.
_4340
702 1 _aКрениг
_bВ.О.
_4730
801 0 _aRU
_bNLR
_gpsbo
801 1 _aRU
_bELAR
_2rusmarc
852 _aNLR
_jТ30 Г-7/8
942 _cBOOK
945 _aРоссийская национальная библиотека
980 _aNB
980 _aBV